| 000 | 00725nam a2200169 4500 | ||
|---|---|---|---|
| 999 |
_c16200 _d16200 |
||
| 008 | 210805b ||||| |||| 00| 0 eng d | ||
| 022 | _a10422587 | ||
| 082 | _aDPer 658.405 En86 2016 vol. 40, no. 3 | ||
| 100 |
_aDirk De. Clercq. _943400 |
||
| 245 |
_aPerceptions of adverse work conditions and innovative behavior: _bthe buffering roles of relational roles of relational resources/ _cDirk De Clercq, Dimo Dimov and Imano Belauteguigoitia. |
||
| 260 |
_aHoboken, NJ: _bWiley Subscription Services, Inc., _cc2016. |
||
| 300 |
_av40 n3, pages 515-542; _billustrations: _c25 cm. |
||
| 650 |
_aWork _xBehavior. _943401 |
||
| 700 |
_aDimov, D. _eAuthor. _943402 |
||
| 700 |
_aBelauteguigoitia, I. _eAuthor. _943403 |
||
| 942 |
_2ddc _cPER |
||